000
00286nam a22001217a 4500
008
230703b xxu||||| |||| 00| 0 eng d
082
_a
350
_b
ARO
100
_c
Ramesh K. Arora
245
_a
Comparative Public Administration
260
_a
India
_c
1972
300
_a
179p
942
_2
ddc
_c
BK
999
_c
3196
_d
3196